| 000 | 00438nam a22001457a 4500 | ||
|---|---|---|---|
| 020 | _a9780072920109 | ||
| 040 | _cNUST | ||
| 082 | _a658.407124 BAL | ||
| 100 |
_aBaldwin, Timothy T. _9112304 |
||
| 110 |
_aBommer, H. William Rubin, Robert S. _9112305 |
||
| 245 |
_aDeveloping Management Skills; _bWhat Great Managers Know And Do |
||
| 260 |
_aBoston; _bMcGraw Hill, _c2008. |
||
| 650 |
_aManagement Skills _9112390 |
||
| 942 |
_2ddc _cBK |
||
| 999 |
_c594757 _d594757 |
||